=LDR 00000nam 2200000 4500 =001 INLIS000000000038436 =005 20130612144114 =008 ***********************************Ind** =035 ##$$0010-061300000038436 =041 ##$$a Ind =082 ##$$a 135 =090 ##$$a 135, Pha a =100 ##$$a Pham, Camtu N =245 ##$$a Aim High fly fast, Strategi meraih impian terbesar anda, Camtu N. Pham; Penerjemah, Fairano Ilyas =260 ##$$a 2007 $b Jakarta =300 ##$$a xv, 124 hlm, Ilus, 21 cm =650 ##$$a Vision (Impian) =700 ##$$a Ilyas, Fairano =850 ##$$a NBPNMAT